El doctor Velasco (Record no. 187654)

MARC details
000 -LEADER
campo de control de longitud fija 00970nam a2200253 i 4500
001 - NÚMERO DE CONTROL
campo de control 187654
003 - IDENTIFICADOR DE NÚMERO DE CONTROL
campo de control ES-MaACL
005 - FECHA Y HORA DE LA ÚLTIMA TRANSACCIÓN
campo de control 20250814220558.0
008 - DATOS DE LONGITUD FIJA--INFORMACIÓN GENERAL
campo de control de longitud fija 171215s2012 sp |||| |bspa d
020 ## - NÚMERO INTERNACIONAL ESTÁNDAR DEL LIBRO
Número Internacional Estándar del Libro 978-84-15676-03-4
080 ## - NÚMERO DE LA CLASIFICACIÓN DECIMAL UNIVERSAL
Número de la Clasificación Decimal Universal 929 González de Velasco, Pedro
080 ## - NÚMERO DE LA CLASIFICACIÓN DECIMAL UNIVERSAL
Número de la Clasificación Decimal Universal 61 González de Velasco, Pedro
100 1# - ENTRADA PRINCIPAL--NOMBRE DE PERSONA
Nombre de persona Giménez Roldán, Santiago.
9 (RLIN) 161651
245 10 - MENCIÓN DEL TÍTULO
Título El doctor Velasco
Resto del título : leyenda y realidad en el Madrid decimonónico /
Mención de responsabilidad, etc. Santiago Giménez Roldán.
250 ## - MENCION DE EDICION
Mención de edición 1ª ed.
260 ## - PUBLICACIÓN, DISTRIBUCIÓN, ETC.
Lugar de publicación, distribución, etc. San Lorenzo de El Escorial, Madrid :
Nombre del editor, distribuidor, etc. Creación,
Fecha de publicación, distribución, etc. 2012.
300 ## - DESCRIPCIÓN FÍSICA
Extensión 346 p., [28] p. de lám. col. y n ;
Dimensiones 24 cm.
504 ## - NOTA DE BIBLIOGRAFÍA, ETC.
Nota de bibliografía, etc. Bibliografía: p. 327-344.
600 17 - PUNTO DE ACCESO ADICIONAL DE MATERIA--NOMBRE DE PERSONA
Nombre de persona González Velasco, Pedro,
Fechas asociadas al nombre 1815-1882
Fuente del encabezamiento o término
9 (RLIN) 127434
852 ## - LOCALIZACIÓN
Ubicación ES-MaACL
Número de control de estantería A-14152
itemnumber 194742
Sublocalización o colección R.151408
Ubicación en estantería Depósito 1
Signatura antigua Olim: N-7152
Donativo/Legado Donación: Santiago Giménez Roldán
903 ## - NOMBRE PERSONAL DE DONANTE
9 161651
a Giménez Roldán, Santiago
e Donante
942 ## - ELEMENTOS DE ENTRADA SECUNDARIOS (KOHA)
Fuente del sistema de clasificación o colocación Clasificación decimal universal
Tipo de ítem Koha Libro impreso
Holdings
Estatus retirado Estado de pérdida Fuente del sistema de clasificación o colocación Estado de daño No para préstamo Biblioteca de origen Biblioteca actual Ubicación en estantería Fecha de adquisición Fuente de adquisición Total de préstamos Signatura topográfica completa Código de barras Visto por última vez Precio de reemplazo Tipo de ítem Koha
    Clasificación decimal universal     Biblioteca del Ateneo de Madrid Biblioteca del Ateneo de Madrid Depósito 1 15/12/2017 Donación   A-14152 1198206 23/02/2023 23/02/2023 Libro impreso